THE HARDY BOYS - TOP TEN WAYS TO DIE (Record no. 7758)
[ view plain ]
| 000 -LEADER | |
|---|---|
| fixed length control field | 00652nam a22001457a 4500 |
| 020 ## - INTERNATIONAL STANDARD BOOK NUMBER | |
| ISBN | 978-1-4169-0846-3 |
| 082 ## - DEWEY DECIMAL CLASSIFICATION NUMBER | |
| Classification number | 823 |
| Item number | DIX/H |
| 100 ## - MAIN ENTRY--AUTHOR NAME | |
| Personal name | DIXON, FRANKLIN W |
| 245 ## - TITLE STATEMENT | |
| Title | THE HARDY BOYS - TOP TEN WAYS TO DIE |
| 260 ## - PUBLICATION, DISTRIBUTION, ETC. (IMPRINT) | |
| Place of publication | NEW YORK |
| Name of publisher | ALADDIN PAPERBACKS |
| Year of publication | 2006 |
| 300 ## - PHYSICAL DESCRIPTION | |
| Number of Pages | 169 |
| 520 ## - SUMMARY, ETC. | |
| Summary, etc | After accomplishing an ATAC mission in Time Square, New York, Frank Hardy and Joe Hardy were sent by ATAC to the shooting location of Vee Sharp's latest music video and to work there as a production assistant. It is because Vee was receiving a series of death threats entitled "Top Ten Ways To Die". |
| 650 ## - SUBJECT ADDED ENTRY--TOPICAL TERM | |
| Topical Term | MYSTERY STORY |
| Geographic subdivision | UNITED STATES |
| 942 ## - ADDED ENTRY ELEMENTS (KOHA) | |
| Koha item type | Books |
| Withdrawn status | Lost status | Collection code | Home library | Current library | Shelving location | Date acquired | Source of acquisition | Cost, normal purchase price | Full call number | Accession Number | Koha item type |
|---|---|---|---|---|---|---|---|---|---|---|---|
| Fiction | Main Library | Main Library | NEW SHELF WITH NEW ENTRY | 20/11/2023 | purchase | 250.00 | 823 DIX/H | 13388 | Books |